Computer program design
Introduction to program design, flowcharts and design structures. Modules, flags, and priming reads, headings and footers, totals and parameter records...
محفوظ في:
| المؤلف الرئيسي: | |
|---|---|
| التنسيق: | كتاب |
| اللغة: | Undetermined |
| منشور في: |
New York
Irwin/McGraw-Hill
1997
|
| الموضوعات: | |
| الوسوم: |
إضافة وسم
لا توجد وسوم, كن أول من يضع وسما على هذه التسجيلة!
|
| Thư viện lưu trữ: | Trung tâm Học liệu Trường Đại học Cần Thơ |
|---|
| LEADER | 00684nam a2200193Ia 4500 | ||
|---|---|---|---|
| 001 | CTU_232734 | ||
| 008 | 210402s9999 xx 000 0 und d | ||
| 082 | |a 005.12 | ||
| 082 | |b D554 | ||
| 100 | |a Dickson, Elizabeth A. | ||
| 245 | 0 | |a Computer program design | |
| 245 | 0 | |c Elizabeth A. Dickson | |
| 260 | |a New York | ||
| 260 | |b Irwin/McGraw-Hill | ||
| 260 | |c 1997 | ||
| 520 | |a Introduction to program design, flowcharts and design structures. Modules, flags, and priming reads, headings and footers, totals and parameter records... | ||
| 650 | |a Lập trình máy tính,Computer programming | ||
| 910 | |b dqhieu | ||
| 980 | |a Trung tâm Học liệu Trường Đại học Cần Thơ | ||